[Event "XX Mem Franca Garcia"]
[Site "Osasco"]
[Date "2004.07.08"]
[Round "9"]
[White "Madeira, Wagner"]
[Black "Matsuura, Everaldo"]
[Result "1/2-1/2"]
[WhiteElo "2271"]
[BlackElo "2490"]
[PlyCount "31"]

1. e4 d5 2. exd5 Nf6 3. d4 Nxd5 4. Nf3 g6 5. Be2 Bg7 6. O-O O-O 7. Re1 c6 8. c3
a5 9. a4 Nd7 10. Na3 b6 11. Bg5 Re8 12. Qd2 Qc7 13. Bh6 Bb7 14. Bf1 Rad8 15.
Rad1 Bh8 16. Bg5 1/2-1/2

[Event "XX Mem Franca Garcia"]
[Site "Osasco"]
[Date "2004.07.08"]
[Round "9"]
[White "Needleman, Alejandro"]
[Black "Lima, Darcy Gustavo"]
[Result "0-1"]
[WhiteElo "2420"]
[BlackElo "2545"]
[PlyCount "74"]

1. e4 e5 2. Nf3 Nc6 3. Bb5 a6 4. Ba4 Nf6 5. O-O b5 6. Bb3 Be7 7. Re1 d6 8. c3
O-O 9. d4 Bg4 10. d5 Na5 11. h3 Nxb3 12. axb3 Bd7 13. c4 c6 14. Qd3 cxd5 15.
cxd5 a5 16. Na3 Qb8 17. Bd2 Rc8 18. b4 axb4 19. Bxb4 Ra4 20. Qd2 Bd8 21. b3 Ra8
22. Kh2 Bb6 23. Ng1 Bd4 24. f3 Bxa1 25. Rxa1 Qb6 26. Rd1 Ra6 27. Nb1 Nh5 28.
Nc3 h6 29. g3 Rca8 30. f4 exf4 31. gxf4 Ra1 32. Kg2 Rxd1 33. Nxd1 f5 34. e5
dxe5 35. fxe5 Qg6+ 36. Kh2 Qg3+ 37. Kh1 Qxe5 0-1

[Event "XX Mem Franca Garcia"]
[Site "Osasco"]
[Date "2004.07.08"]
[Round "9"]
[White "Pelikian, Jefferson"]
[Black "Perelshteyn, Eugene"]
[Result "1/2-1/2"]
[WhiteElo "2423"]
[BlackElo "2512"]
[PlyCount "74"]

1. e4 c5 2. Nf3 g6 3. c3 Bg7 4. d4 cxd4 5. cxd4 d5 6. e5 Bg4 7. Bb5+ Nd7 8.
Nbd2 e6 9. O-O Ne7 10. h3 Bxf3 11. Nxf3 O-O 12. Bg5 h6 13. Bxe7 Qxe7 14. Bxd7
Qxd7 15. Rc1 Rfc8 16. Qd2 Bf8 17. Rxc8 Rxc8 18. Rc1 Rxc1+ 19. Qxc1 Qa4 20. Qb1
Qc4 21. b3 Qe2 22. a4 a6 23. Qc1 Kg7 24. h4 Qd3 25. Qe3 Qxe3 26. fxe3 Bb4 27.
g4 h5 28. g5 Kf8 29. Kf2 Ke7 30. Ne1 Bxe1+ 31. Kxe1 Kd7 32. Kd2 a5 33. Kc3 b6
34. b4 Kc6 35. bxa5 bxa5 36. Kd3 Kd7 37. e4 Ke7 1/2-1/2

[Event "XX Mem Franca Garcia"]
[Site "Osasco"]
[Date "2004.07.08"]
[Round "9"]
[White "Zambrana, Oswaldo"]
[Black "Rodriguez, Andres"]
[Result "1-0"]
[WhiteElo "2484"]
[BlackElo "2567"]
[PlyCount "97"]

1. e4 c5 2. Nf3 Nc6 3. d4 cxd4 4. Nxd4 g6 5. Nc3 Bg7 6. Be3 Nf6 7. Bc4 O-O 8.
Bb3 Na5 9. e5 Nxb3 10. exf6 Nxa1 11. fxg7 Nxc2+ 12. Nxc2 Re8 13. h4 d6 14. h5
Bf5 15. Nd4 Qd7 16. Nxf5 Qxf5 17. hxg6 fxg6 18. Qb3+ Qf7 19. Qxb7 Rab8 20. Qxa7
Rxb2 21. Qa4 Rc8 22. O-O Rc4 23. Qd7 Kxg7 24. a4 Rbb4 25. Nd5 Rb8 26. Nc7 Kg8
27. Ba7 Rf8 28. Ne6 Ra8 29. a5 Qf6 30. Bb6 Rh4 31. Nc7 Rf8 32. Nd5 Qe5 33.
Nxe7+ Kh8 34. g3 Re4 35. Nc6 Qd5 36. Bd8 Qf7 37. Qxf7 Rxf7 38. Ra1 Re2 39. Bb6
Re8 40. a6 Ra8 41. a7 Rb7 42. Bd4+ Kg8 43. Ra6 Kf8 44. Na5 Rb1+ 45. Kg2 Ke7 46.
Nc4 Ke6 47. Rxd6+ Ke7 48. Ra6 Rb7 49. Nb6 1-0

[Event "XX Mem Franca Garcia"]
[Site "Osasco"]
[Date "2004.07.07"]
[Round "8"]
[White "Matsuura, Everaldo"]
[Black "Zambrana, Oswaldo"]
[Result "1/2-1/2"]
[WhiteElo "2490"]
[BlackElo "2484"]
[PlyCount "34"]

1. e4 c5 2. Nf3 Nc6 3. c3 d5 4. exd5 Qxd5 5. d4 cxd4 6. cxd4 e5 7. Nc3 Bb4 8.
Bd2 Bxc3 9. Bxc3 e4 10. Ne5 Nxe5 11. dxe5 Ne7 12. Be2 Bd7 13. O-O Bc6 14. Qxd5
Nxd5 15. Bd4 O-O 16. Rfd1 Rfe8 17. Bc4 a6 1/2-1/2

[Event "XX Mem Franca Garcia"]
[Site "Osasco"]
[Date "2004.07.07"]
[Round "8"]
[White "Lima, Darcy Gustavo"]
[Black "Madeira, Wagner"]
[Result "1/2-1/2"]
[WhiteElo "2545"]
[BlackElo "2271"]
[PlyCount "25"]

1. c4 Nf6 2. Nc3 g6 3. g3 Bg7 4. Bg2 d6 5. d4 O-O 6. Nf3 c6 7. O-O Qa5 8. Qd2
Qh5 9. Qg5 Nbd7 10. e4 e5 11. Qxh5 Nxh5 12. d5 Nb6 13. b3 1/2-1/2

[Event "XX Mem Franca Garcia"]
[Site "Osasco"]
[Date "2004.07.06"]
[Round "7"]
[White "Madeira, Wagner"]
[Black "Perelshteyn, Eugene"]
[Result "1/2-1/2"]
[WhiteElo "2271"]
[BlackElo "2512"]
[PlyCount "21"]

1. e4 c6 2. d4 d5 3. e5 Bf5 4. Nf3 e6 5. Be2 c5 6. O-O Nc6 7. c3 Nge7 8. Be3
Bg4 9. h3 Bxf3 10. Bxf3 Nf5 11. Bg4 1/2-1/2

[Event "XX Mem Franca Garcia"]
[Site "Osasco"]
[Date "2004.07.06"]
[Round "7"]
[White "Pelikian, Jefferson"]
[Black "Rodriguez, Andres"]
[Result "0-1"]
[WhiteElo "2423"]
[BlackElo "2567"]
[PlyCount "100"]

1. e4 g6 2. Nc3 c5 3. f4 Nc6 4. Nf3 Bg7 5. Bb5 Nh6 6. Bxc6 bxc6 7. d3 O-O 8.
O-O d5 9. h3 f6 10. b3 g5 11. Qe1 Nf7 12. Na4 g4 13. hxg4 f5 14. e5 fxg4 15.
Nh4 c4 16. d4 Nh6 17. Nc5 Nf5 18. c3 cxb3 19. axb3 Qe8 20. Nxf5 Bxf5 21. g3 e6
22. Rf2 Rf7 23. Rh2 Bf8 24. Na6 Rb7 25. Qd1 h5 26. Ba3 Bh6 27. Bd6 Qg6 28. Nc5
Rh7 29. Qd2 a5 30. Kf2 Raa7 31. Kg1 Be4 32. Rh4 Bf3 33. Qd3 Qf7 34. b4 Kh8 35.
Rxa5 Rxa5 36. bxa5 Bxf4 37. Qa6 Bxg3 38. Qc8+ Qg8 39. Qxg8+ Kxg8 40. a6 Bxh4
41. Nb7 Rh8 42. a7 Kg7 43. Bb8 g3 44. Nc5 Re8 45. Nd3 Bg5 46. Ne1 Be4 47. a8=Q
Rf8 48. Ng2 h4 49. Qb7+ Rf7 50. Qb2 h3 0-1

[Event "XX Mem Franca Garcia"]
[Site "Osasco"]
[Date "2004.07.06"]
[Round "7"]
[White "Schneider, Dmitry"]
[Black "Zambrana, Oswaldo"]
[Result "1/2-1/2"]
[WhiteElo "2454"]
[BlackElo "2484"]
[PlyCount "101"]

1. e4 c5 2. Nf3 Nc6 3. d4 cxd4 4. Nxd4 Nf6 5. Nc3 e5 6. Ndb5 d6 7. Bg5 a6 8.
Na3 b5 9. Bxf6 gxf6 10. Nd5 f5 11. c3 Bg7 12. Bd3 Be6 13. Qh5 O-O 14. O-O f4
15. Rfd1 Rb8 16. Nc2 Qd7 17. h3 a5 18. Na3 Na7 19. Bc2 Rfc8 20. Bb3 Rc5 21. Rd2
Nc6 22. Rad1 Qd8 23. Bc2 h6 24. b4 axb4 25. cxb4 Nxb4 26. Nxb4 Qa5 27. Rxd6
Qxb4 28. Bb3 Rc1 29. Bxe6 Rxd1+ 30. Rxd1 fxe6 31. Rd7 Qf8 32. Qg4 Rb6 33. Kh2
Qf6 34. h4 Kh8 35. Nb1 Rb8 36. a3 Rg8 37. Qh5 Qf8 38. Rb7 Qa8 39. Qf7 Qd8 40.
Nc3 Qd2 41. Nxb5 Qxf2 42. Qg6 Qxh4+ 43. Kg1 Qe1+ 44. Kh2 Qh4+ 45. Kg1 f3 46.
gxf3 Qe1+ 47. Kh2 Qf2+ 48. Qg2 Qh4+ 49. Qh3 Qf2+ 50. Qg2 Qh4+ 51. Qh3 1/2-1/2

[Event "XX Mem Franca Garcia"]
[Site "Osasco"]
[Date "2004.07.05"]
[Round "6"]
[White "Matsuura, Everaldo"]
[Black "Schneider, Dmitry"]
[Result "1-0"]
[WhiteElo "2490"]
[BlackElo "2454"]
[PlyCount "115"]

1. e4 e6 2. d4 d5 3. Nc3 Bb4 4. e5 c5 5. a3 Bxc3+ 6. bxc3 Ne7 7. h4 Nbc6 8. h5
h6 9. Nf3 Bd7 10. Bd3 Qa5 11. Bd2 c4 12. Be2 Qa4 13. O-O O-O-O 14. Ra2 f6 15.
Bf4 Rdg8 16. Qd2 f5 17. g3 Be8 18. Nh4 Nd8 19. Kg2 Bf7 20. Rh1 Qe8 21. Qd1 Rh7
22. Ra1 Ndc6 23. Rb1 Nb8 24. Kf1 Nd7 25. Ng2 Nb6 26. Bd2 Na4 27. Nf4 Rhh8 28.
Bf3 b5 29. Bg2 a5 30. Bh3 Qc6 31. Qf3 Rf8 32. Rg1 Rhg8 33. g4 fxg4 34. Bxg4 g5
35. hxg6 Bxg6 36. Nxg6 Nxg6 37. Qh3 Kd7 38. Qxh6 Ne7 39. Ke2 Rh8 40. Qe3 Rf7
41. Rh1 Rhf8 42. Rh6 Nf5 43. Bxf5 Rxf5 44. Rg1 b4 45. axb4 axb4 46. Rg7+ Kc8
47. cxb4 c3 48. Be1 Nb2 49. Kf1 Nd1 50. Qe2 Qc4 51. Qxc4+ dxc4 52. Ke2 Nxf2 53.
Rxe6 Ne4 54. Rc6+ Kb8 55. Rxc4 Rh5 56. Rg2 Rh3 57. d5 Rf4 58. e6 1-0

[Event "XX Mem Franca Garcia"]
[Site "Osasco"]
[Date "2004.07.05"]
[Round "6"]
[White "Zambrana, Osawaldo"]
[Black "Pelikian, Jefferson"]
[Result "1/2-1/2"]
[WhiteElo "2484"]
[BlackElo "2423"]
[PlyCount "94"]

1. e4 c6 2. d4 d5 3. e5 Bf5 4. Nc3 a6 5. Be3 Qc7 6. h4 h5 7. Nge2 Nh6 8. Ng3 g6
9. Nxf5 Nxf5 10. Bd3 e6 11. Bxf5 gxf5 12. Ne2 c5 13. c3 Nc6 14. Kf1 Qb6 15. Rb1
cxd4 16. cxd4 Bh6 17. Qd2 Bxe3 18. fxe3 Qb4 19. Qxb4 Nxb4 20. a3 Nc6 21. b4 Kd7
22. Kf2 b5 23. Rhc1 Ne7 24. a4 Rhc8 25. axb5 axb5 26. Nf4 Rxc1 27. Rxc1 Nc6 28.
Nxh5 Nxb4 29. Nf6+ Ke7 30. Rc7+ Kf8 31. Nh7+ Kg8 32. Ng5 Ra2+ 33. Kg3 Nd3 34.
Rxf7 Ne1 35. Rb7 Rxg2+ 36. Kh3 Re2 37. Rb8+ Kg7 38. Nxe6+ Kf7 39. Ng5+ Kg7 40.
Kg3 Rg2+ 41. Kh3 Re2 42. e4 dxe4 43. e6 Nd3 44. Kg3 Re3+ 45. Kh2 Re2+ 46. Kg3
Re3+ 47. Kh2 Re2+ 1/2-1/2

[Event "XX Mem Franca Garcia"]
[Site "Osasco"]
[Date "2004.07.05"]
[Round "6"]
[White "Rodriguez, Andres"]
[Black "Needleman, Alejandro"]
[Result "1/2-1/2"]
[WhiteElo "2567"]
[BlackElo "2420"]
[PlyCount "25"]

1. e4 c5 2. Nf3 e6 3. d4 cxd4 4. Nxd4 Nc6 5. Nb5 Nf6 6. N1c3 d6 7. Bf4 e5 8.
Bg5 a6 9. Na3 b5 10. Nd5 Qa5+ 11. Bd2 Qd8 12. Bg5 Qa5+ 13. Bd2 1/2-1/2

[Event "XX Mem Franca Garcia"]
[Site "Osasco"]
[Date "2004.07.04"]
[Round "5"]
[White "Madeira, Wagner"]
[Black "Rodriguez, Andres"]
[Result "1/2-1/2"]
[WhiteElo "2271"]
[BlackElo "2567"]
[PlyCount "41"]

1. e4 e6 2. d4 d5 3. exd5 exd5 4. Nf3 Be7 5. Bd3 Nf6 6. O-O Bg4 7. c3 Nbd7 8.
Re1 O-O 9. Bg5 Re8 10. Nbd2 c6 11. Qc2 Nf8 12. Bxf6 Bxf6 13. Rxe8 Qxe8 14. Re1
Qd7 15. Ne5 Bxe5 16. Rxe5 Re8 17. Rxe8 Qxe8 18. Nf1 Bh5 19. Qd2 Bg6 20. Bxg6
hxg6 21. Qe3 1/2-1/2

[Event "XX Mem Franca Garcia"]
[Site "Osasco"]
[Date "2004.07.04"]
[Round "5"]
[White "Needleman, Alejandro"]
[Black "Zambrana, Oswaldo"]
[Result "0-1"]
[WhiteElo "2420"]
[BlackElo "2484"]
[PlyCount "98"]

1. e4 c5 2. Nf3 Nc6 3. d4 cxd4 4. Nxd4 Nf6 5. Nc3 e5 6. Ndb5 d6 7. Bg5 a6 8.
Na3 b5 9. Nd5 Be7 10. Bxf6 Bxf6 11. c3 O-O 12. Nc2 Bg5 13. a4 bxa4 14. Rxa4 a5
15. Bc4 Rb8 16. b3 Kh8 17. O-O f5 18. exf5 Bxf5 19. Qe2 Bg6 20. Ra2 Qd7 21. Bb5
Qb7 22. Bxc6 Qxc6 23. Rxa5 Bxc2 24. Qxc2 Bd8 25. Rfa1 Bxa5 26. Rxa5 Ra8 27.
Rxa8 Rxa8 28. Ne3 Ra1+ 29. Nf1 Qd5 30. c4 Qd1 31. Qxd1 Rxd1 32. f3 Rb1 33. Kf2
Rxb3 34. Nd2 Rb2 35. Ke3 Kg8 36. h4 Kf7 37. g4 Ke6 38. h5 Rc2 39. Kd3 Rc1 40.
Ne4 Rd1+ 41. Ke3 Rd4 42. c5 Rxe4+ 43. fxe4 dxc5 44. Kd3 Kf6 45. Kc4 Kg5 46.
Kxc5 Kxg4 47. Kd6 Kf4 48. Ke6 g5 49. h6 g4 0-1

[Event "XX Mem Franca Garcia"]
[Site "Osasco"]
[Date "2004.07.04"]
[Round "5"]
[White "Pelikian, Jefferson"]
[Black "Schneider, Dmitry"]
[Result "0-1"]
[WhiteElo "2423"]
[BlackElo "2454"]
[PlyCount "80"]

1. e4 e5 2. Nf3 Nc6 3. Bb5 a6 4. Bxc6 dxc6 5. Nc3 Qf6 6. d4 exd4 7. Nxd4 Bd7 8.
Be3 Qg6 9. O-O O-O-O 10. Qe2 Nh6 11. f3 Bd6 12. Qf2 f5 13. Nde2 Kb8 14. Bf4 Nf7
15. Bxd6 Nxd6 16. Nf4 Qh6 17. Nd3 f4 18. b4 g5 19. a4 Rhg8 20. h3 Qg7 21. e5
Nc4 22. b5 Ne3 23. Rfb1 h5 24. b6 g4 25. bxc7+ Kxc7 26. Nxf4 Qxe5 27. Nd3 Qd4
28. Ne2 Qa7 29. hxg4 hxg4 30. f4 g3 31. Nxg3 Kb8 32. a5 Rxg3 33. Qxg3 Nxc2+ 34.
Rb6 Nxa1 35. Qg5 Re8 36. Ne5 Nb3 37. Nxd7+ Kc7 38. Qg7 Nxa5 39. Qd4 Rd8 40.
Qe5+ Kxd7 0-1

[Event "XX Mem Franca Garcia"]
[Site "Osasco"]
[Date "2004.07.03"]
[Round "4"]
[White "Zambrana, Oswaldo"]
[Black "Madeira, Wagner"]
[Result "0-1"]
[WhiteElo "2484"]
[BlackElo "2271"]
[PlyCount "76"]

1. e4 c5 2. Nf3 Nc6 3. d4 cxd4 4. Nxd4 Nf6 5. Nc3 e5 6. Ndb5 d6 7. Bg5 a6 8.
Na3 b5 9. Bxf6 gxf6 10. Nd5 f5 11. Bd3 Be6 12. c3 Bg7 13. Qh5 O-O 14. O-O f4
15. Rfd1 Rb8 16. Nc2 a5 17. Na3 Na7 18. h3 Qd7 19. Be2 f5 20. exf5 Bxf5 21. Qh4
Kh8 22. Rd2 Rbe8 23. Rad1 Re6 24. Bg4 Bxg4 25. Qxg4 Qf7 26. Nc2 Bh6 27. f3 e4
28. fxe4 Rg6 29. Qf5 Qg7 30. Qh5 f3 31. Nce3 fxg2 32. Rxg2 Rxg2+ 33. Nxg2 Nc6
34. Rf1 Qa7+ 35. Kh2 Rxf1 36. Qxh6 Qg1+ 37. Kg3 Qf2+ 38. Kh2 Ne5 0-1

[Event "XX Mem Franca Garcia"]
[Site "Osasco"]
[Date "2004.07.03"]
[Round "4"]
[White "Rodriguez, Andres"]
[Black "Lima, Darcy Gustavo"]
[Result "1/2-1/2"]
[WhiteElo "2567"]
[BlackElo "2545"]
[PlyCount "114"]

1. e4 e5 2. Nf3 Nf6 3. d4 Nxe4 4. Bd3 Nc6 5. dxe5 d5 6. exd6 Nxd6 7. O-O Be7 8.
Nc3 Be6 9. Ne4 Bd5 10. Ng3 Bxf3 11. Qxf3 Ne5 12. Qe2 Nxd3 13. Qxd3 O-O 14. Nh5
Bf6 15. Qf3 Be5 16. Bf4 Re8 17. Rad1 Qh4 18. g3 Qh3 19. Rd5 Bxf4 20. Qxf4 f6
21. Qf3 Qe6 22. Nf4 Qf7 23. Qd3 Re5 24. c4 b6 25. Rd1 Rae8 26. b4 h6 27. c5
bxc5 28. bxc5 Ne4 29. Qa3 c6 30. Rd7 R5e7 31. Qxa7 Nxc5 32. Rxe7 Qxe7 33. Qxe7
Rxe7 34. Rc1 Re5 35. Ng6 Nd3 36. Rd1 Re1+ 37. Rxe1 Nxe1 38. Ne7+ Kf7 39. Nxc6
Ke6 40. f4 Kd6 41. Nb4 Nf3+ 42. Kg2 Nd2 43. Kf2 Kc5 44. Nc2 g5 45. f5 h5 46.
Ke2 Ne4 47. Ke3 Nd6 48. Nd4 Kb4 49. h4 gxh4 50. gxh4 Ka3 51. Kf4 Kxa2 52. Ne6
Ne8 53. Ke3 Kb3 54. Kd4 Kc2 55. Kd5 Kd2 56. Nf4 Ng7 57. Ke4 Kc2 1/2-1/2

[Event "XX Mem Franca Garcia"]
[Site "Osasco"]
[Date "2004.07.03"]
[Round "3"]
[White "Delgado, Neuris"]
[Black "Matsuura, Everaldo"]
[Result "1-0"]
[WhiteElo "2550"]
[BlackElo "2490"]
[PlyCount "97"]

1. e4 e5 2. Nf3 Nc6 3. Bb5 a6 4. Ba4 Nf6 5. O-O Be7 6. Bxc6 dxc6 7. d3 Nd7 8.
Nbd2 O-O 9. Nc4 f6 10. Be3 Nc5 11. b4 Ne6 12. c3 c5 13. a3 Kh8 14. Qc2 cxb4 15.
axb4 Qe8 16. Rfb1 b5 17. Ncd2 c5 18. Qb3 Qd7 19. Qd5 Qxd5 20. exd5 Nc7 21. Bxc5
Bxc5 22. bxc5 Nxd5 23. Rxb5 Nxc3 24. Rb3 Nd5 25. d4 exd4 26. Nxd4 Ra7 27. h3
Kg8 28. Nc4 Rc7 29. Ra5 Ne7 30. Rb6 Nf5 31. Nc6 h5 32. Nd6 h4 33. Ra4 Bd7 34.
Raxa6 Bxc6 35. Rxc6 Rxc6 36. Rxc6 Nd4 37. Ra6 Rb8 38. Ra4 Rb1+ 39. Kh2 Rd1 40.
Rc4 Ne6 41. Nf5 g5 42. c6 Nc7 43. Rb4 Rc1 44. Rb7 Nd5 45. Rd7 Nb6 46. Nd4 Kf8
47. Rb7 Nd5 48. c7 Ke8 49. Rb8+ 1-0

[Event "XX Mem Franca Garcia"]
[Site "Osasco"]
[Date "2004.07.03"]
[Round "3"]
[White "Perelshteyn, Eugene"]
[Black "Rodriguez, Andres"]
[Result "0-1"]
[WhiteElo "2512"]
[BlackElo "2567"]
[PlyCount "136"]

1. Nf3 g6 2. e4 d6 3. d4 Bg7 4. Nc3 Nd7 5. Be3 Ngf6 6. h3 O-O 7. e5 Ne8 8. e6
fxe6 9. Ng5 Nb6 10. Bd3 Nf6 11. Nce4 Nbd5 12. Nxf6+ Rxf6 13. Qg4 Nxe3 14. fxe3
Qf8 15. O-O-O Bh6 16. Qg3 Bd7 17. h4 Qg7 18. Kb1 b5 19. Ne4 Rff8 20. Qh3 c5 21.
g4 c4 22. Be2 e5 23. Qg3 exd4 24. g5 Qe5 25. Qxe5 dxe5 26. exd4 Bg7 27. Nc5 Bc8
28. dxe5 Bxe5 29. Nd7 Rf2 30. Bg4 Bd6 31. Be6+ Kg7 32. Rhf1 Bxd7 33. Bxd7 Rxf1
34. Rxf1 b4 35. Be6 Rf8 36. Rxf8 Kxf8 37. Bxc4 Bg3 38. h5 gxh5 39. Kc1 Bf4+ 40.
Kd1 Bxg5 41. Ke2 Bf6 42. b3 Kg7 43. Kf3 Bc3 44. Ke4 Kf6 45. Be2 Kg5 46. Kf3 h6
47. Bd3 h4 48. Bf1 Kf5 49. Bh3+ Ke5 50. Ke3 Bd4+ 51. Kf3 Bc5 52. Bf1 h5 53. Bh3
Kd4 54. Bf5 Bd6 55. Bg6 e5 56. Bf5 Bc5 57. Bd7 e4+ 58. Ke2 Ke5 59. Bc8 Kf4 60.
Bd7 Bb6 61. Bc8 Kg3 62. Bb7 e3 63. Kf1 h3 64. Bc6 Kh2 65. Bf3 h4 66. Bh5 Kg3
67. Be8 e2+ 68. Kxe2 Kg2 0-1

[Event "XX Mem Franca Garcia"]
[Site "Osasco"]
[Date "2004.07.03"]
[Round "3"]
[White "Lima, Darcy Gustavo"]
[Black "Zambrana, Oswaldo"]
[Result "1/2-1/2"]
[WhiteElo "2545"]
[BlackElo "2484"]
[PlyCount "106"]

1. d4 d5 2. c4 dxc4 3. e3 Nf6 4. Bxc4 e6 5. Nf3 c5 6. O-O a6 7. Nc3 b5 8. Bb3
Bb7 9. Qe2 Be7 10. Rd1 Qc7 11. dxc5 Nbd7 12. e4 Nxc5 13. e5 Nfd7 14. Bc2 b4 15.
Na4 Rc8 16. Nxc5 Nxc5 17. Nd4 O-O 18. Bf4 Rfd8 19. h4 Bd5 20. h5 Qb7 21. h6 g6
22. Qg4 Be4 23. Bb3 Nxb3 24. axb3 Rd7 25. Bg5 Bf8 26. Rd2 Rc5 27. Nxe6 fxe6 28.
Rxd7 Qxd7 29. Qxe4 Qd5 30. Qxd5 Rxd5 31. f4 a5 32. Rc1 Bc5+ 33. Kf1 Kf7 34. Ke2
Ke8 35. g4 Kd7 36. Bf6 Bb6 37. Rc2 Bc5 38. Rc1 Bb6 39. Rf1 Rd4 40. Rf3 Kc6 41.
f5 exf5 42. gxf5 Re4+ 43. Kd3 gxf5 44. Rxf5 Re3+ 45. Kd2 Kd5 46. Bd8 Bd4 47.
e6+ Kxe6 48. Rf4 Bc5 49. Rf6+ Kd7 50. Bxa5 Rxb3 51. Rf7+ Ke6 52. Rxh7 Rxb2+ 53.
Kd3 Rh2 1/2-1/2

[Event "XX Mem Franca Garcia"]
[Site "Osasco"]
[Date "2004.07.03"]
[Round "3"]
[White "Madeira, Wagner"]
[Black "Schneider, Dmitry"]
[Result "1/2-1/2"]
[WhiteElo "2271"]
[BlackElo "2454"]
[PlyCount "38"]

1. e4 e5 2. Nf3 Nc6 3. d4 exd4 4. Nxd4 Bc5 5. Be3 Qf6 6. c3 Nge7 7. g3 d5 8.
Bg2 dxe4 9. Nd2 Bb6 10. Nxe4 Qg6 11. Nxc6 Nxc6 12. Bxb6 axb6 13. O-O O-O 14. f4
Bf5 15. Qf3 Rfe8 16. Nf2 h5 17. a3 Rad8 18. Rfe1 Bc2 19. Re2 Rxe2 1/2-1/2

[Event "XX Mem Franca Garcia"]
[Site "Osasco"]
[Date "2004.07.03"]
[Round "3"]
[White "Needleman, Alejandro"]
[Black "Pelikian, Jefferson"]
[Result "1-0"]
[WhiteElo "2420"]
[BlackElo "2423"]
[PlyCount "89"]

1. e4 c5 2. Nf3 d6 3. d4 cxd4 4. Nxd4 Nf6 5. Nc3 Nbd7 6. g3 g6 7. Bg2 Bg7 8.
O-O O-O 9. a4 Ne5 10. h3 Bd7 11. Nd5 Rc8 12. Bg5 Nxd5 13. exd5 h6 14. Bc1 Nc4
15. Ra2 Qb6 16. c3 Kh7 17. Re1 e5 18. dxe6 fxe6 19. b3 Ne5 20. Be3 Qc7 21. f4
Nf7 22. c4 a6 23. Be4 e5 24. Qh5 Nh8 25. fxe5 dxe5 26. Nf3 Bf5 27. Qh4 Bxe4 28.
Ng5+ Kg8 29. Nxe4 Rf5 30. Rd2 Rcf8 31. Red1 Nf7 32. Qg4 Qc6 33. Rd5 h5 34. Qe2
Kh7 35. g4 hxg4 36. hxg4 Rf4 37. Bxf4 exf4 38. R1d3 Kg8 39. Nd6 Nxd6 40. Rxd6
Qc5+ 41. Kf1 Qg5 42. Qe6+ Kh7 43. Rh3+ Bh6 44. Rd7+ Kh8 45. Qe7 1-0

[Event "XX Mem Franca Garcia"]
[Site "Osasco"]
[Date "2004.07.02"]
[Round "2"]
[White "Pelikian, Jefferson"]
[Black "Madeira, Wagner"]
[Result "1-0"]
[WhiteElo "2423"]
[BlackElo "2271"]
[PlyCount "87"]

1. e4 d6 2. d4 Nf6 3. Nd2 g6 4. Ngf3 Bg7 5. Bc4 O-O 6. Bb3 Nc6 7. c3 e5 8. dxe5
Nxe5 9. Nxe5 dxe5 10. O-O Qe7 11. Re1 Be6 12. Bxe6 Qxe6 13. Qb3 Qxb3 14. axb3
Rfd8 15. Kf1 Bh6 16. Nc4 Bxc1 17. Raxc1 Nd7 18. b4 b5 19. Na5 Nf6 20. f3 Rd6
21. Red1 Ne8 22. Nb7 Rxd1+ 23. Rxd1 Nd6 24. Nxd6 Rd8 25. Rd5 Rxd6 26. Rxb5 Rd1+
27. Kf2 Rd2+ 28. Kg3 Rxb2 29. Rxe5 Rb3 30. Rc5 a5 31. bxa5 Ra3 32. h4 Kf8 33.
c4 c6 34. h5 Ke7 35. hxg6 hxg6 36. Rxc6 Rxa5 37. c5 Ra2 38. f4 Rc2 39. e5 Kf8
40. Kf3 Rc3+ 41. Kg4 Rc2 42. g3 Rc3 43. Rc7 Rc4 44. Kg5 1-0

[Event "XX Mem Franca Garcia"]
[Site "Osasco"]
[Date "2004.07.02"]
[Round "2"]
[White "Schneider, Dmitry"]
[Black "Lima, Darcy Gustavo"]
[Result "1/2-1/2"]
[WhiteElo "2454"]
[BlackElo "2545"]
[PlyCount "90"]

1. e4 e5 2. Nf3 Nc6 3. Bb5 Bc5 4. c3 Nf6 5. O-O O-O 6. d4 Bb6 7. Bg5 h6 8. Bh4
d6 9. Qd3 Qe7 10. Nbd2 Nb8 11. Rfe1 c6 12. Ba4 Nbd7 13. Nc4 Bc7 14. Bc2 Re8 15.
Ne3 Qf8 16. dxe5 dxe5 17. b4 Nh5 18. Rad1 a5 19. a3 Nf4 20. Qd2 b5 21. Bb3 Nb6
22. Bg3 Be6 23. Qc2 axb4 24. axb4 Ra3 25. Bxe6 Rxe6 26. Ra1 Qa8 27. Rxa3 Qxa3
28. Nf5 Ng6 29. Nd2 c5 30. bxc5 Qxc5 31. Nb3 Qc6 32. Na5 Qa8 33. Nb3 Rc6 34.
Ra1 Na4 35. h4 Qe8 36. Qe2 Rxc3 37. Nd2 Rc2 38. h5 Ne7 39. Nxe7+ Qxe7 40. Qxb5
Rxd2 41. Qxa4 Bb6 42. Qb5 Qf6 43. Qe8+ Kh7 44. Rf1 Bd4 45. Qc8 Qg5 1/2-1/2

[Event "XX Mem Franca Garcia"]
[Site "Osasco"]
[Date "2004.07.02"]
[Round "2"]
[White "Zambrana, Oswaldo"]
[Black "Perelshteyn, Eugene"]
[Result "1/2-1/2"]
[WhiteElo "2484"]
[BlackElo "2512"]
[PlyCount "63"]

1. e4 c5 2. Nf3 g6 3. d4 cxd4 4. Nxd4 Nc6 5. Nc3 Bg7 6. Be3 Nf6 7. Bc4 O-O 8.
Bb3 d6 9. f3 Bd7 10. Qd2 Rc8 11. O-O-O Nxd4 12. Bxd4 b5 13. Nd5 Nxd5 14. Bxg7
Kxg7 15. exd5 a5 16. a3 b4 17. axb4 axb4 18. Rhe1 Re8 19. Re4 Qa5 20. Qd4+ Kg8
21. g4 Rc5 22. Rde1 Qa7 23. Kd2 e5 24. dxe6 Bxe6 25. Qe3 d5 26. Rxb4 Qa5 27. c3
d4 28. Rxd4 Rb8 29. Ra4 Qd8+ 30. Rd4 Qa5 31. Ra4 Qd8+ 32. Rd4 1/2-1/2

[Event "XX Mem Franca Garcia"]
[Site "Osasco"]
[Date "2004.07.01"]
[Round "1"]
[White "Perelshteyn, Eugene"]
[Black "Schneider, Dmitry"]
[Result "1/2-1/2"]
[WhiteElo "2512"]
[BlackElo "2454"]
[PlyCount "37"]

1. e4 e5 2. Nf3 Nc6 3. Bb5 a6 4. Ba4 Nf6 5. O-O Be7 6. Re1 b5 7. Bb3 d6 8. c3
O-O 9. h3 Na5 10. Bc2 c5 11. d3 Nc6 12. Nbd2 Re8 13. Nf1 Bf8 14. Bg5 h6 15.
Bxf6 Qxf6 16. Ne3 Be6 17. Bb3 Qd8 18. Bd5 Rc8 19. a4 1/2-1/2

[Event "XX Mem Franca Garcia"]
[Site "Osasco"]
[Date "2004.07.01"]
[Round "1"]
[White "Lima, Darcy Gustavo"]
[Black "Pelikian, Jefferson"]
[Result "1-0"]
[WhiteElo "2545"]
[BlackElo "2423"]
[PlyCount "71"]

1. e4 c6 2. d4 d5 3. f3 e6 4. Nc3 Nf6 5. Bg5 Be7 6. Qd2 h6 7. Bf4 b5 8. e5 Nfd7
9. Bd3 b4 10. Nd1 c5 11. dxc5 Bxc5 12. Ne2 Qb6 13. Bg3 Nc6 14. f4 a5 15. Bf2
Ba6 16. O-O O-O 17. Ne3 Bxd3 18. cxd3 f5 19. Rac1 Rac8 20. Kh1 Qb5 21. d4 Bb6
22. g4 fxg4 23. Bh4 Bd8 24. Bxd8 Rcxd8 25. f5 exf5 26. Nxf5 Ncxe5 27. dxe5 Nxe5
28. Ned4 Qd7 29. Nxh6+ gxh6 30. Qxh6 Qe7 31. Rf5 Rxf5 32. Nxf5 Qf7 33. Qg5+ Kh7
34. Qh4+ Kg6 35. Rf1 Qf6 36. Ne7+ 1-0

[Event "XX Mem Franca Garcia"]
[Site "Osasco"]
[Date "2004.07.01"]
[Round "1"]
[White "Madeira, Wagner"]
[Black "Needleman, Alejandro"]
[Result "1/2-1/2"]
[WhiteElo "2271"]
[BlackElo "2420"]
[PlyCount "68"]

1. e4 c5 2. Nf3 a6 3. c3 d6 4. d4 Nd7 5. Nbd2 e6 6. Bd3 Ne7 7. O-O Ng6 8. Re1
Be7 9. Nf1 O-O 10. Ng3 e5 11. Nf5 Nf6 12. dxe5 dxe5 13. Qc2 Qc7 14. Nxe7+ Qxe7
15. Be3 Bg4 16. Nd2 Rad8 17. a4 Nh5 18. g3 Nhf4 19. Bc4 Nh3+ 20. Kg2 Qf6 21.
Be2 Bxe2 22. Rxe2 Nhf4+ 23. Bxf4 exf4 24. Nf3 Ne5 25. Nxe5 Qxe5 26. Rd1 h5 27.
f3 Rfe8 28. Red2 Rxd2+ 29. Qxd2 fxg3 30. hxg3 h4 31. Qf4 Qe6 32. Qxh4 Qb3 33.
Rd8 Qxa4 34. Qe7 Rxd8 1/2-1/2